| 000 | 02595nam0a2200373 4500 | ||
|---|---|---|---|
| 001 | RU\NLR\BIBL_A\022589825 | ||
| 005 | 20260420051204.0 | ||
| 010 |
_a978-5-00259-038-4 _9300 |
||
| 021 |
_aRU _bКН-П-25-031996 _9КН-П-25-3164 |
||
| 035 | _a(NLR Aleph) 022589825 | ||
| 090 |
_a13679110 _c13679110 |
||
| 100 | _a20250723d2025 u y0rusy50 ca | ||
| 101 | 0 | _arus | |
| 102 | _aRU | ||
| 105 | _aa|||j|||000yy | ||
| 181 | 0 |
_ai3 _baxxe |
|
| 182 | 0 | _an | |
| 200 | 1 |
_aГломерулонефриты у детей и подростков _eучебное пособие для студентов IV-VI курсов лечебного и педиатрического факультетов _fд. м. н., профессор Н. Н. Смирнова, к. м. н., доцент Н. Б. Куприенко _gФедеральное государственное бюджетное образовательное учреждение высшего образования "Первый Санкт-Петербургский государственный медицинский университет имени академика И. П. Павлова" Министерства здравоохранения Российской Федерации, Кафедра педиатрии |
|
| 203 |
_aТекст _bвизуальный _cнепосредственный |
||
| 210 |
_aСанкт-Петербург _cРИЦ ПСПбГМУ _d2025 |
||
| 215 |
_a35 с. _cил., табл. _d21 |
||
| 300 | _aАвт. указаны на обороте тит. с. | ||
| 320 | _aБиблиогр.: с. 34 (9 назв.) | ||
| 606 | 1 |
_aГломерулонефрит детей _jУчебные издания для высших учебных заведений _92273183 _3RU\NLR\AUTH\661362380 |
|
| 606 | 1 |
_aГломерулонефрит подростков _jУчебные издания для высших учебных заведений _92679512 _3RU\NLR\AUTH\6601760837 |
|
| 686 | 1 | _aР733.414.011я73 | |
| 700 | 1 |
_7ca _8rus _aСмирнова _bН. Н. _cд-р мед. наук _gНаталья Николаевна _924683 _3RU\NLR\AUTH\7741735 |
|
| 701 | 1 |
_aКуприенко _bН. Б. _gНаталья Борисовна |
|
| 712 | 0 | 2 |
_4570 _aСанкт-Петербургский государственный медицинский университет им. И. П. Павлова _bКафедра педиатрии _9446702 _3RU\NLR\AUTH\889974863 |
| 942 | _cBOOK | ||
| 980 | _aNB | ||